[Event "Marmaris Karya IM 2018"]
[Site "Marmaris"]
[Date "2018.06.27"]
[Round "1.1"]
[White "Can, Isik"]
[Black "Korneev, Oleg"]
[Result "0-1"]
[WhiteElo "2396"]
[BlackElo "2517"]
[Annotator "TA"]
[PlyCount "64"]
[EventDate "2018.06.25"]
[EventCountry "TUR"]
[SourceTitle "playchess.com"]
[Source "ChessBase"]
[SourceQuality "1"]

{[%evp 19,64,16,22,13,33,-10,-14,-12,0,-121,-101,-125,-140,-165,-168,-158,-135,-184,-177,-182,-152,-162,-152,-148,-152,-302,-297,-279,-285,-293,-271,-267,-268,-294,-206,-312,-320,-325,-314,-315,-319,-355,-349,-344,-334,-392,-371]} 1. e4 c5 2. Nf3 Nc6 3. d4 cxd4 4. Nxd4 g6 5. Nc3 Bg7 6. Be3 Nf6 7. Bc4 O-O 8. Bb3 Re8 {B35: Sizilianisch (Beschleunigtes Fianchetto)} 9. f3 e6 10. f4 d6 {LiveBook: 10 Partien. Die Stellung ist ausgeglichen.} 11. O-O a6 $146 ({Vorgänger:} 11... Na5 12. Qf3 b6 13. Rad1 Bb7 14. Ndb5 Bf8 15. Rd2 Nxb3 16. axb3 {1-0 (28) Motylev,A (2668)-Timofeev,A (2549) Sochi 2017}) 12. h3 Na5 13. Qf3 b5 14. a3 (14. e5 $11 {hält das Gleichgewicht.} Bb7 15. Qf2 Nxb3 16. axb3 (16. exf6 Nxd4 17. fxg7 Nf5 $17)) 14... Bb7 $1 $17 15. Bf2 Rc8 16. Rad1 Nc4 $1 17. Bxc4 Rxc4 18. Rfe1 {[#]} Qa8 $1 19. b3 Rc7 {Droht stark ...e5.} 20. Qe3 Rxc3 21. Qxc3 Bxe4 22. Nf3 {[#]} (22. Qg3 $17 {war einen Versuch wert.}) 22... Nd5 $1 $19 {[%cal Rd5c3]} 23. Qd2 Bxf3 24. gxf3 Bc3 25. Qc1 Bxe1 26. Rxe1 Ne7 27. Qe3 (27. Kg2 $142) 27... Rc8 28. Qe4 Qxe4 29. fxe4 Rxc2 30. Rd1 d5 31. Bh4 Kf8 ({Minderwertig wäre} 31... dxe4 32. Bxe7 Kg7 33. Bb4 $11) 32. Bf6 Ke8 {Precision: Weiß = 35%, Schwarz = 87%.} 0-1

[Event "Marmaris Karya IM 2018"]
[Site "Marmaris"]
[Date "2018.06.27"]
[Round "1.2"]
[White "Dedebas, Emre Emin"]
[Black "Benidze, Davit"]
[Result "1/2-1/2"]
[WhiteElo "2336"]
[BlackElo "2487"]
[Annotator "TA"]
[PlyCount "71"]
[EventDate "2018.06.25"]
[EventCountry "TUR"]
[SourceTitle "playchess.com"]
[Source "ChessBase"]
[SourceQuality "1"]

{[%evp 23,71,80,93,77,107,102,101,63,72,59,66,65,72,77,87,99,94,103,88,66,76,11,6,12,22,9,16,-29,-20,-43,0,-106,-86,-67,-56,-147,-142,-124,-59,-53,0,0,118,103,84,90,177,8,209,179]} 1. d4 {[%cal Bd2d4,Bd4d5][%mdl 32]} g6 2. c4 Bg7 3. Nf3 c5 4. d5 d6 5. e4 Nf6 6. Nc3 O-O 7. h3 e6 8. Bd3 exd5 9. exd5 Re8+ 10. Be3 Rxe3+ {E90: King's Indian: Classical: Early deviations and 6 h3} 11. fxe3 Qe7 12. O-O Nbd7 {LiveBook: 14 Games. White is better.} 13. Qe1 (13. Qe2 b6 14. Bc2 Nh5 15. Rfe1 Ne5 16. g4 Nxf3+ 17. Qxf3 Nf6 18. Ba4 {1-0 (57) Navara,D (2737)-Morozevich,A (2675) Biel 2017}) 13... Ne8 $146 ({Predecessor:} 13... Nh5 14. Qf2 Ne5 15. Be2 Nxf3+ 16. Bxf3 Nf6 17. Qh4 Bd7 18. Rae1 Re8 19. Qf4 {0-1 (79) Schiendorfer,E (2359)-Dimov,D (2289) Albena 2012}) 14. Rd1 Ne5 15. Be2 Bd7 16. Qf2 a6 17. a4 {[%cal Ba2a4,Ba4a5][%mdl 32]} Nc7 18. a5 Re8 19. Nxe5 Bxe5 20. Bd3 Rb8 21. Bc2 (21. Qd2 {seems wilder.} b5 22. axb6 Rxb6 23. Rb1 Ne8 24. Rf3) 21... Ne8 {[%cal Bc7e8,Be8f6,Bf6h5,Bh5g3][%mdl 32]} 22. Na4 (22. Rb1 $16) 22... Bxa4 $11 23. Bxa4 Nf6 24. Bc2 Nh5 25. Rb1 Ng3 26. Rfd1 Qh4 {[%mdl 1024] Black has compensation.} 27. Bd3 (27. b4 $11) 27... f5 $17 {[%cal Bf7f5,Bf5f4][%mdl 32]} 28. Bf1 Rf8 29. Rd3 ({Better is} 29. b4 $1 $15 f4 30. e4 (30. bxc5 $2 fxe3 31. Qxe3 Nxf1 $19)) 29... f4 30. e4 {[#]} g5 (30... Qf6 $1 $17 31. Qf3 Re8) 31. b4 $15 g4 ({Black should try} 31... cxb4 $1 $15 32. c5 (32. Rxb4 g4 $11) 32... Nxf1 33. Qxf1 dxc5) 32. bxc5 $11 Qg5 {[#]} (32... dxc5 $11 {remains equal.} 33. d6 (33. Rxb7 Qg5 $11) (33. Qxc5 $2 Nxe4 34. Qb6 Bd6 $19) 33... f3) 33. c6 $1 $16 {[%cal Rc6b7]} (33. Rxb7 f3 $17) 33... bxc6 34. dxc6 d5 (34... gxh3 $16 35. Qf3 h2+ 36. Kxh2 Qh4+ 37. Kg1 Rc8) 35. Rxd5 $2 (35. exd5 $18 {Threatens to win with d6.} gxh3 36. gxh3) 35... gxh3 $2 (35... f3 $1 $11 {and Black stays safe.} 36. gxf3 (36. Qxg3 Qe3+ 37. Qf2 Bh2+ 38. Kxh2 Qxf2 $11) 36... gxf3 37. Rxe5 Qxe5) 36. Qf3 {Precision: White = 49%, Black = 40%.} ({Resist} 36. gxh3 $6 f3 $14) 1/2-1/2

[Event "Marmaris Karya IM 2018"]
[Site "Marmaris"]
[Date "2018.06.26"]
[Round "1.3"]
[White "Tanriverdi, Enes"]
[Black "Bagaturov, Giorgi"]
[Result "0-1"]
[WhiteElo "2281"]
[BlackElo "2397"]
[Annotator "TA"]
[PlyCount "86"]
[EventDate "2018.06.25"]
[EventCountry "TUR"]
[SourceTitle "playchess.com"]
[Source "ChessBase"]
[SourceQuality "1"]

{[%evp 32,86,18,12,22,2,44,39,88,83,53,62,100,47,42,33,52,43,57,13,46,0,0,0,88,94,83,0,77,112,150,145,200,194,364,351,366,111,125,12,28,24,76,55,68,22,2,-33,0,-254,-263,-741,-739,-618,-614,-29984,-29985]} 1. d4 Nf6 2. c4 g6 3. Nc3 Bg7 4. e4 d6 5. Nf3 O-O 6. Be2 e5 7. d5 a5 8. Bg5 h6 9. Bh4 Na6 10. Nd2 Qe8 11. O-O Nh7 12. a3 Bd7 13. b3 h5 14. f3 Bh6 15. Rb1 Be3+ 16. Kh1 Bc5 {E92: King's Indian: Classical: 6 Be2 e5: 7 dxe5, 7 Be3 and Petrosian System without 7...Nbd7} (16... Nc5 17. Qc2 f5 18. b4 axb4 19. axb4 Na6 20. Qd3 f4 21. Nd1 g5 22. Be1 Ba7 23. Nb3 g4 24. c5 Qg6 25. Rg1 g3 26. Na5 Qg5 27. Nf2 Nxc5 28. bxc5 Bxc5 29. Nh3 Qh4 30. Nxb7 Bxh3 31. gxh3 Bxg1 32. Kg2 Ng5 {0-1 (32) Arnold,M (2524)-Shimanov,A (2641) chess.com INT 2018}) 17. Nb5 {LiveBook: 3 Games} Rc8 $146 ({Predecessor:} 17... Qb8 18. Qc1 c6 19. dxc6 bxc6 20. Nc3 Qa7 21. Na4 Be3 22. Qc3 Bd4 23. Qc2 g5 24. Be1 {½-½ (34) Babic,Z (2193)-Plenkovic,Z (2380) Bosnjaci 2013}) 18. Qc1 c6 {The position is equal.} 19. Nc3 Nc7 20. b4 axb4 21. axb4 Be3 22. Bf2 (22. Qc2 $16) 22... Bxf2 $14 23. Rxf2 cxd5 24. exd5 Qe7 25. Qd1 f5 (25... b5 $5) 26. c5 dxc5 27. Nc4 $36 {[%mdl 2048] Black is under pressure.} Qh4 (27... cxb4 $11 28. d6 Qe6) 28. Rf1 $16 {d6 is the strong threat.} cxb4 29. Rxb4 (29. Nxe5 $16 bxc3 30. Nxd7) 29... b5 (29... Na6 $11 30. Rxb7 Rxc4 31. Rxd7 (31. g3 Qd4 $11) 31... Rxc3 32. Bxa6 Nf6) 30. d6 {[%cal Bd5d6,Bd6d7][%mdl 32]} Ne6 31. Nxb5 Bxb5 (31... Qf6 $16 32. Nc3 Qg7) 32. Rxb5 $18 Nd4 $2 (32... Rxc4 {might work better.} 33. Qd5 Rd4 34. Qxe6+ Kh8 35. Qxg6 Qf6 36. Qxf6+ (36. Qxh5 $2 Rh4 $19) 36... Nxf6 37. Rxe5 Nd7) 33. d7 (33. Nxe5 Nxb5 34. Nxg6 (34. Bxb5 Kg7 $18) 34... Qf6 $18) 33... Rcd8 34. Rb7 $2 ({Don't do} 34. Nxe5 Nxb5 35. Bxb5 (35. Nxg6 Qf6 $16) 35... Rf6 $18) ({Not} 34. Rxe5 Rxd7 35. Nb6 Rd6 $14) (34. Rb6 $18 Qe7 35. Rxg6+ Kf7 36. Rd6) 34... Qe7 $16 {[#]} 35. Nb6 ({Better is} 35. Re1 $1 $16 Nxe2 36. Rxe2) 35... Nf6 $11 36. Bc4+ Kh8 (36... Kg7 $11 {remains equal.}) 37. Qd2 {Threatens to win with Qh6+.} f4 38. Re1 Qc5 39. Qd3 e4 40. fxe4 $2 {[%mdl 8192] [#]} (40. Qc3 $11 {and White has nothing to worry.}) 40... Ng4 $1 $19 {[%cal Rg4f2] And now ...Nf2+ would win.} 41. Qd2 $2 (41. Rf1 Kh7 42. h3) 41... f3 42. gxf3 Rxf3 {Hoping for ...Rf2.} 43. Rc1 {Strongly threatening Be6!} Rf2 {Precision: White = 24%, Black = 28%.} 0-1

[Event "Marmaris Karya IM 2018"]
[Site "Marmaris"]
[Date "2018.06.26"]
[Round "1.4"]
[White "Arda, Cagil Irmak"]
[Black "Bivol, Alina"]
[Result "0-1"]
[WhiteElo "2257"]
[BlackElo "2365"]
[Annotator "TA"]
[PlyCount "90"]
[EventDate "2018.06.25"]
[EventCountry "TUR"]
[SourceTitle "playchess.com"]
[Source "ChessBase"]
[SourceQuality "1"]

{[%evp 9,90,10,0,-6,-5,-14,-8,-16,0,0,0,0,0,0,39,-7,-7,-7,-7,-15,-22,-88,-85,-163,-160,-203,-209,-202,-195,-189,-195,-181,-129,-129,-130,-135,-135,-133,-149,-157,-136,-143,-139,-132,-139,-142,-142,-142,-130,-121,13,12,12,20,26,44,118,-55,-76,-147,-158,-208,-178,-179,-191,-160,-118,-117,-128,-142,-150,-686,-668,-1811,-1581,-1760,-1697,-1525,-1357,-29991,-29992,-29995,-29980]} 1. e4 e6 2. g3 d5 3. Bg2 dxe4 4. Nc3 (4. Bxe4 Nf6 5. Bg2 Bd7 6. Nf3 Bc6 7. O-O g6 8. d4 Bg7 9. c4 O-O 10. Nc3 Ne4 11. Re1 Nxc3 12. bxc3 {1-0 (32) Artemiev,V (2691)-Ivanchuk,V (2726) Huaian 2017}) 4... Bd7 5. Bxe4 Bc6 6. Nf3 $146 {C00: French: Unusual White 2nd moves} ({Predecessor:} 6. d3 Nf6 7. Bxc6+ Nxc6 8. Nf3 Be7 9. Qe2 O-O 10. Bd2 a5 11. g4 {½-½ (25) Lorenzen,J (2018)-Plueg,A (2295) Kiel 2015}) 6... Nf6 7. Bxc6+ Nxc6 8. d4 {The position is equal.} Bb4 9. O-O Bxc3 10. bxc3 Qd5 11. Qd3 h6 12. Bf4 O-O-O 13. Rfb1 a6 14. c4 Qe4 {[%cal Rc6d4]} 15. Qxe4 (15. Rd1 $1 $11) 15... Nxe4 $17 16. Re1 (16. Be3 $17) 16... Nxd4 $19 17. Nxd4 Rxd4 18. Be5 Rxc4 19. Bxg7 Rh7 $1 {[%cal Rh7g7]} 20. Be5 f5 (20... f6 $19 21. Bb2 e5) 21. Re2 $17 h5 22. f3 Nc5 23. h4 Re7 24. Rae1 Ra4 25. c3 Nd3 26. Bf6 {[#]} Rf7 $1 ({Of course not} 26... Nxe1 $6 27. Bxe7 Nxf3+ 28. Kg2 $11) 27. Rd1 Rxf6 28. Rxd3 {[%mdl 4096] Endgame KRR-KRR} f4 29. Red2 {[%csl Gd2][%cal Rd3d8]} b6 (29... Rf8 $17 30. Rd4 Rxd4 31. Rxd4 fxg3) 30. g4 $11 hxg4 31. fxg4 {[%cal Bf3g4,Bg4g5][%mdl 32]} e5 32. g5 Rg6 {[#]} ({Black should try} 32... Rf8 $1 $14) 33. Rd5 $2 ({Only move:} 33. Rf3 $1 $16) 33... f3 $15 34. Rh2 (34. Rxe5 $142 Rxh4 35. Rd4) 34... Re6 $17 35. Rd3 Rg4+ 36. Kf2 e4 37. Rd4 Rc6 38. c4 Re6 39. Ke3 Rg1 40. Kf2 $2 (40. h5 $17) 40... Rc1 $19 {...Rc2+ is the strong threat.} 41. Ke3 Rc3+ 42. Kf4 e3 {[%cal Be4e3,Be3e2][%mdl 32] Threatens to win with ...e2.} 43. Rd1 f2 {( -> ...e2)} 44. g6 e2 45. g7 Re8 {Precision: White = 43%, Black = 65%.} 0-1

[Event "Marmaris Karya IM 2018"]
[Site "Marmaris"]
[Date "2018.06.26"]
[Round "1.5"]
[White "Unat, Can Haktan"]
[Black "Darban, Morteza"]
[Result "1-0"]
[WhiteElo "2047"]
[BlackElo "2312"]
[Annotator "TA"]
[PlyCount "97"]
[EventDate "2018.06.25"]
[EventCountry "TUR"]
[SourceTitle "playchess.com"]
[Source "ChessBase"]
[SourceQuality "1"]

{[%evp 24,97,13,6,0,-13,12,0,0,0,23,0,18,0,13,0,0,0,0,0,0,-25,25,17,25,17,18,0,25,25,25,25,25,25,25,25,25,25,25,0,25,0,0,0,25,0,0,0,0,-48,0,0,0,0,0,0,13,0,19,-10,67,0,0,0,108,26,39,0,119,141,425,383,415,0,2489,2427]} 1. e4 d6 2. d4 g6 3. Nc3 Bg7 4. f4 Nf6 5. Bd3 O-O 6. Nf3 Na6 7. O-O c5 8. d5 Bg4 9. Bc4 Nc7 10. a4 e6 11. h3 Bxf3 12. Qxf3 exd5 {B09: Pirc Defence: Austrian Attack} 13. exd5 {LiveBook: 4 Games} Nd7 14. a5 (14. Ne4 Nb6 15. Ba2 f5 16. Ng5 Nxa4 17. Ne6 Nxe6 18. dxe6 Qe7 19. Bd5 Nb6 20. Bxb7 {½-½ (77) Fedoseev,V (2684)-Onischuk,V (2599) Karlsruhe 2017}) 14... Rb8 $146 {The position is equal.} ({Predecessor:} 14... Re8 15. Bd2 Qf6 16. Be3 Qf5 17. Bd3 Qh5 18. g4 Qh6 19. Nd1 Qh4 20. Bf2 {1-0 (47) Mary,P (2177)-Sherwood,R (1620) IECG email 2004}) 15. Nb5 Nxb5 16. Bxb5 a6 17. Bc4 Re8 18. c3 f5 19. g4 Nf6 20. g5 Ne4 21. Kg2 h6 22. h4 h5 23. Re1 Re7 {[#] Threatens to win with ...Nxg5!} 24. Re2 Qc7 25. Be3 Rbe8 26. Bg1 Kh7 27. Qd3 Rc8 28. Qc2 Rce8 29. Ra4 Qd8 30. Bh2 Qd7 31. Bd3 Qc8 32. Kg1 Qd7 33. Kf1 Qc8 34. Rc4 Qd7 35. Ke1 Qc8 36. Kd1 Qd7 37. Ke1 $1 {[%cal Bd1e1,Be1f1,Bf1g2][%mdl 32]} Qc8 38. Kf1 Qd7 39. Kg2 Qc8 40. Bg1 Qd7 41. Re3 Rf7 ({Black should play} 41... b5 $11 42. axb6 Qb7) 42. Qe2 (42. Qa4 $1 $14) 42... Rfe7 $11 43. Bc2 Qc8 (43... b6 $11 44. axb6 (44. Bxe4 b5 $19) 44... Qb7) 44. Ba4 ({Don't play} 44. Bxe4 $6 Rxe4 45. Rcxe4 Rxe4 $11) ({White should try} 44. Kh2 $16) 44... Rf8 45. Bh2 Qd8 (45... b5 $11 46. axb6 Qb7) 46. Bc2 $16 {[%cal Rc4e4] Hoping for Rcxe4.} Qxa5 $2 {[%mdl 8192]} (46... Qd7 $16) 47. Rcxe4 $18 fxe4 48. Bxe4 $2 {[#]} ({White must play} 48. Rxe4 $18 Rxe4 49. Bxe4) 48... Ref7 $2 {[%mdl 8192]} (48... Rxe4 $1 $11 {[%mdl 512]} 49. Rxe4 Qa2) 49. Qxh5+ {Precision: White = 40%, Black = 34%.} 1-0

[Event "Marmaris Karya IM 2018"]
[Site "Marmaris"]
[Date "2018.06.27"]
[Round "2.1"]
[White "Benidze, Davit"]
[Black "Can, Isik"]
[Result "1-0"]
[WhiteElo "2487"]
[BlackElo "2396"]
[Annotator "TA"]
[PlyCount "70"]
[EventDate "2018.06.25"]
[EventCountry "TUR"]
[SourceTitle "playchess.com"]
[Source "ChessBase"]
[SourceQuality "1"]

{[%evp 14,70,16,0,0,-6,0,-12,0,0,0,0,8,8,0,-7,0,-11,6,0,27,15,7,0,0,0,42,32,29,34,67,64,70,70,70,72,65,65,65,65,62,60,85,79,225,181,235,211,235,230,257,275,312,321,289,162,459,456,435]} 1. Nf3 Nf6 2. g3 d5 3. Bg2 c6 4. O-O Bf5 5. c4 e6 6. cxd5 exd5 7. d3 Be7 8. Nbd2 {LiveBook: 3 Games. A11: English Opening: 1...c6} (8. Qc2 O-O 9. Nc3 Na6 10. a3 d4 11. Nb1 c5 12. Bg5 h6 13. Bxf6 Bxf6 14. Nbd2 Rc8 15. Rfe1 Qd7 {½-½ (68) Duda,J (2717)-Naiditsch,A (2705) Riadh 2017}) 8... O-O 9. b3 a5 10. Bb2 {The position is equal.} Na6 $146 ({Predecessor:} 10... Nbd7 11. Nd4 Bg6 12. Bh3 {1-0 (49) Venkatesh,M (2445)-Sterck,A (2220) Ghent 2016}) 11. a3 Nc5 12. Rc1 Nfd7 13. Qc2 Bf6 14. Bc3 Re8 15. Rfe1 Bxc3 16. Qxc3 Qb6 17. Nd4 Bg6 18. e4 Rad8 {With the idea ...Ne5.} 19. exd5 cxd5 20. Bf1 ({Much worse is} 20. Bxd5 Nxd3 21. Rxe8+ Rxe8 $11) 20... h6 21. N2f3 $40 {[%mdl 128] White is up to no good.} Qf6 22. Qxa5 {Black must now prevent Rxe8+.} Nxb3 23. Nxb3 Qxf3 24. Nd4 Qf6 25. Rxe8+ Rxe8 26. Qxd5 Rd8 {[#] aiming for ...Nf8.} 27. Nf3 $1 Nb6 28. Qxb7 Rd7 (28... Bxd3 $16 29. Kg2 Bxf1+ 30. Rxf1 Rd7) 29. Qc6 Rd6 (29... Bxd3 {keeps fighting.} 30. Qxf6 gxf6) 30. Qe8+ $18 Kh7 31. Nh4 Qb2 32. Nxg6 Rxg6 33. Rc7 Rf6 {[#]} 34. Qe1 (34. Be2 $142 $1) 34... Qd4 $2 (34... Qxa3 35. Bg2 Qb2) 35. Qe4+ Qxe4 {Precision: White = 78%, Black = 42%.} 1-0

[Event "Marmaris Karya IM 2018"]
[Site "Marmaris"]
[Date "2018.06.26"]
[Round "2.2"]
[White "Bagaturov, Giorgi"]
[Black "Dedebas, Emre Emin"]
[Result "1/2-1/2"]
[WhiteElo "2397"]
[BlackElo "2336"]
[Annotator "TA"]
[PlyCount "52"]
[EventDate "2018.06.25"]
[EventCountry "TUR"]
[SourceTitle "playchess.com"]
[Source "ChessBase"]
[SourceQuality "1"]

{[%evp 19,52,2,13,13,21,1,12,6,12,0,22,21,37,45,33,6,6,0,14,-12,20,-14,25,19,152,9,50,0,118,0,39,0,109,0,43]} 1. c4 Nf6 2. d4 e6 3. Nf3 b6 4. g3 Bb7 5. Bg2 g6 6. O-O Bg7 7. b3 O-O 8. Bb2 d5 9. cxd5 {D77: Grünfeldindisch (Fianchetto 6.0-0 nicht 6..c6)} exd5 10. Nc3 Nbd7 {LiveBook: 13 Partien} 11. b4 $146 ({Vorgänger:} 11. Rc1 Qe7 12. e3 a6 13. Qc2 Rac8 14. Ne5 Qe6 15. Ne2 c6 {½-½ (34) Efimenko,Z (2651)-Oleksienko,M (2615) Rivne 2016}) 11... a6 12. Qb3 Re8 13. Rad1 c6 14. Rfe1 Qc7 15. Bc1 Nf8 16. Bf4 Qd8 17. Ne5 Ne6 18. Be3 Nd7 19. Nf3 f5 20. Bc1 Qf6 21. e3 Nc7 (21... Qe7 $11) 22. Nd2 ({Besser ist} 22. e4 $1 $16) 22... Ne6 23. Nf3 (23. a4 $14) 23... Nc7 $16 {[#]} 24. Nd2 (24. e4 $1 $16) 24... Ne6 $14 25. Nf3 (25. a4 $14) 25... Nc7 $16 {[#]} 26. Nd2 (26. e4 $1 $16) 26... Ne6 {Precision: Weiß = 19%, Schwarz = 31%.} 1/2-1/2

[Event "Marmaris Karya IM 2018"]
[Site "Marmaris"]
[Date "2018.06.26"]
[Round "2.3"]
[White "Bivol, Alina"]
[Black "Tanriverdi, Enes"]
[Result "0-1"]
[WhiteElo "2365"]
[BlackElo "2281"]
[Annotator "TA"]
[PlyCount "126"]
[EventDate "2018.06.25"]
[EventCountry "TUR"]
[SourceTitle "playchess.com"]
[Source "ChessBase"]
[SourceQuality "1"]

{[%evp 18,126,-31,-40,-41,-38,-34,-37,-39,-47,-42,-43,-37,-37,-41,-37,-37,-63,-17,-11,0,0,0,-20,0,0,8,3,7,1,16,6,4,0,0,0,0,0,0,0,0,-22,-35,-25,-16,-10,-11,-68,-10,-17,-19,-19,-22,-16,-14,-19,0,0,0,0,0,-93,-41,-135,-68,-62,-71,-76,-70,-93,-70,-98,-101,-191,-185,-179,-183,-190,-171,-202,-198,-227,-220,-209,-208,-234,-243,-272,-254,-275,-283,-389,-302,-759,-751,-744,-721,-919,-891,-1804,-1445,-1877,-497,-493,-485,-477,-470,-810,-786,-29987,-29988]} 1. e4 c5 2. Nf3 e6 3. g3 Nc6 4. Bg2 Nf6 5. Qe2 (5. d3 d5 6. Nbd2 Be7 7. O-O O-O 8. Re1 b5 9. e5 Nd7 10. Nf1 Bb7 11. h4 Qc7 12. Bf4 Rfc8 13. Ne3 Qd8 14. Ng4 Bf8 15. Bg5 Qe8 16. c3 h6 17. Bf4 a5 18. Qd2 b4 19. c4 Ne7 20. h5 {1-0 (59) Kuzubov,Y (2699)-Grischuk,A (2772) Riadh 2017}) 5... e5 6. c3 {B40: Sizilianisch (Klassisches System mit e7-e6)} Be7 7. O-O O-O 8. d4 cxd4 9. cxd4 exd4 10. e5 {LiveBook: 3 Partien} Ne8 $1 {[%cal Bf6e8,Be8c7,Bc7e6][%mdl 32]} 11. Rd1 Qb6 12. Nbd2 d5 13. Nb3 $146 {[%cal Rf3d4]} Bg4 14. h3 Bxf3 $1 15. Qxf3 Nc7 16. Bf4 Rad8 17. a4 a5 18. Qd3 Ne6 19. Qb5 Qa7 20. Bd2 {[%cal Rd2a5]} Nc7 21. Qd3 Nxe5 22. Qxd4 Qxd4 23. Nxd4 Nc4 24. Bc3 {Schwarz sollte b3 verhindern.} Bb4 25. Nf5 Bxc3 26. Ne7+ Kh8 27. bxc3 Nb6 28. Rdb1 Rd6 29. Nf5 (29. c4 $5 dxc4 30. Bxb7 $15) 29... Rf6 30. Nd4 Rb8 31. Nb5 Na6 32. Re1 ({Lieber} 32. Nd4 $11) 32... Re6 (32... g6 $15) 33. Red1 Nc5 34. Bxd5 Re7 35. Nd6 Kg8 36. Bf3 g6 37. Rdb1 Nbxa4 38. Ra3 $1 Rd7 {[#]} 39. Nb5 (39. Nxb7 $1 $11 {[%mdl 512] bleibt in der Remisbreite.} Rd3 (39... Rbxb7 40. Bxb7) 40. Kg2 Rxc3 41. Ra2) 39... Nb6 (39... Rd2 $17 40. Rba1 Rb2) 40. Bg4 {[#]} ({Besser ist} 40. Rxa5 $15 Nc4 41. Ra2) 40... f5 ({Günstiger ist} 40... Nc4 $1 $17 {[%cal Rc4a3]} 41. Bxd7 Nxa3 42. Nxa3 Nxd7) 41. Be2 $1 $15 a4 $36 {[%mdl 2048] Schwarz bestimmt, wo es lang geht.} 42. Nd4 Rd6 43. Nb5 Rf6 44. Rd1 f4 45. c4 (45. g4 $17) 45... fxg3 $19 46. fxg3 Re8 47. Bf1 Re7 48. Rc3 Kg7 49. Nd6 Rfe6 50. Nb5 Re3 51. Rxe3 Rxe3 52. g4 Nbd7 53. Ra1 Ne5 54. Nd6 Rb3 55. Rd1 $2 (55. Bg2) 55... Rb2 {( -> ...Sf3+)} 56. Bg2 a3 {[%cal Ba4a3,Ba3a2][%mdl 32] Droht ...a2 und aus.} 57. Ne8+ Kf8 {Und ...a2 würde nun gewinnen.} 58. Nc7 a2 59. Rf1+ Ke7 (59... Kg7 $142 60. Bd5 Rb1 61. Ne8+ Kh6) 60. Nd5+ Kd6 {Droht stark ...Tb1.} 61. Nc3 Rc2 62. Nb5+ (62. Rd1+ $142 Ncd3 63. Nxa2 Rxa2 64. Be4) 62... Ke7 63. Re1 Ncd3 {Precision: Weiß = 40%, Schwarz = 63%.} 0-1

[Event "Marmaris Karya IM 2018"]
[Site "Marmaris"]
[Date "2018.06.26"]
[Round "2.4"]
[White "Darban, Morteza"]
[Black "Arda, Cagil Irmak"]
[Result "1-0"]
[WhiteElo "2312"]
[BlackElo "2257"]
[Annotator "TA"]
[PlyCount "63"]
[EventDate "2018.06.25"]
[EventCountry "TUR"]
[SourceTitle "playchess.com"]
[Source "ChessBase"]
[SourceQuality "1"]

{[%evp 23,63,25,42,38,90,83,92,81,134,135,140,97,254,191,219,129,223,222,217,219,295,293,412,406,496,521,945,948,2332,2255,1849,1903,29991,29992,29992,29993,29993,206,1123,1117,1088,1085]} 1. Nf3 Nf6 2. c4 e6 3. Nc3 d5 4. d4 Be7 5. Bg5 Nbd7 6. e3 c6 7. cxd5 exd5 8. Bd3 O-O 9. Qc2 h6 10. Bf4 Re8 11. h3 Bf8 {D36: Queen's Gambit Declined: Exchange Variation: Main line (5 Bg5 c6 6 Qc2)} 12. O-O Qe7 {LiveBook: 3 Games} 13. Nd2 g5 $146 (13... Qd8 $14) ({Predecessor:} 13... Nb6 14. Rfe1 Be6 15. a3 Qd8 16. Rad1 Bd6 17. Nb3 Bxf4 18. exf4 Qc7 19. f5 Bd7 {½-½ (35) Galyas,M (2419)-Husari,S (2355) Budapest 2003}) 14. Bg3 Bg7 15. Rae1 g4 (15... Nf8 $142) 16. hxg4 $16 Nxg4 17. Qd1 Qg5 $2 (17... Ndf6 $16) 18. Nf3 Qh5 {[#]} 19. Ne2 (19. e4 $1 $18) 19... f5 (19... Ngf6 $16) 20. Nf4 $18 Qf7 21. Nh4 Nb6 22. Qc2 Nc4 (22... Re4 $142 23. Bxe4 dxe4) 23. Nxf5 Bxf5 24. Bxf5 Ncxe3 25. fxe3 Nxe3 26. Bh7+ Kh8 27. Ng6+ Kxh7 28. Nf8+ $1 ({Not} 28. Rxf7 Nxc2 29. Rxe8 Rxe8 $15) 28... Kg8 29. Qh7+ Kxf8 30. Rxf7+ (30. Bd6+ $142 Re7 31. Rxe3 Rae8 32. Ref3 Ra8 33. Rxf7+ Ke8 34. Rxe7+ Kd8 35. Qg8+ Bf8 36. Rxf8#) 30... Kxf7 31. Be5 Rxe5 32. dxe5 {Precision: White = 72%, Black = 18%.} 1-0